Become proficient in speaking and writing Good English / (Record no. 103296)

MARC details
000 -LEADER
fixed length control field 00590nam a22001937a 4500
005 - DATE AND TIME OF LATEST TRANSACTION
control field 20160912130130.0
010 ## - LCCN (DPL NO)
LC control number ENG-115995
020 ## - INTERNATIONAL STANDARD BOOK NUMBER
International Standard Book Number 9789381384381
Terms of availability 165.00
035 ## - SYSTEM CONTROL NUMBER
System control number EN-99527
037 ## - SOURCE OF ACQUISITION
Source of stock number/acquisition DBAD/PUB
082 ## - DEWEY DECIMAL CLASSIFICATION NUMBER
Classification number 488.0071
100 ## - MAIN ENTRY--PERSONAL NAME
Personal name Mathur, Archana
245 ## - TITLE STATEMENT
Title Become proficient in speaking and writing Good English /
Statement of responsibility, etc by Archana Mathur
260 ## - PUBLICATION, DISTRIBUTION, ETC. (IMPRINT)
Date of publication, distribution, etc 2016
Place of publication, distribution, etc New Delhi
Name of publisher, distributor, etc V & S Publishers
270 ## - ADDRESS
Address F-2/16, Ansari road, Daryaganj
City New Delhi
Postal code 110002
300 ## - PHYSICAL DESCRIPTION
Dimensions 24cm(pbk)
Extent 148p.
490 ## - SERIES STATEMENT
Series statement Exc-el series
942 ## - ADDED ENTRY ELEMENTS (KOHA)
Item type English Books
Source of classification or shelving scheme Dewey Decimal Classification
Classification part 488.0071
Call number suffix MAT
Holdings
Withdrawn status Lost status Not for loan Collection code Home library Current library Date acquired Source of acquisition Cost, normal purchase price Full call number Barcode Copy number Cost, replacement price Koha item type
      Non-fiction Bawana Bawana 12/09/2016 DBAD/PUB 165.00 488.0071 MAT EN-99527 1 165.00 English Books

© Delhi Public Library
Hit Counter
free hit counter